Italian Language Kitchen Dishes - Statistics

General Stats
  • This quiz has been taken 101 times
  • The average score is 9 of 20
Answer Stats
Hint Answer % Correct
plate piatto
80%
casserole dish casseruola
73%
fork forchetta
73%
spatula spatola
73%
glass bicchiere
60%
grater grattugia
60%
knife coltello
53%
cup tazza
53%
silverware argenteria
47%
colander colino
47%
lid coperchio
47%
spoon cucchiaio
47%
teaspoon cucchiaino
40%
chopping board tagliere
40%
bowl ciotola
33%
saucer piattino
33%
pan padella
27%
pot pentola
27%
saucepan pentolino
20%
baking dish teglia
13%
No matching quizzes found
Score Distribution
Percent of People with Each Score
Percentile by Number Answered
Your Score History
You have not taken this quiz